Qui Est-ce ? (100 noms 9 choix 1 intrus) - Statistiques

Statistiques générales
  • Ce quiz a été pris 51 fois
  • Le résultat moyen est 30 sur 100
Statistiques - réponses
Hint Réponse % Correct
Yannick Noah Artiste avec un single n°1 en France au 21e siècle
69%
Julien Doré Artiste avec un single n°1 en France au 21e siècle
69%
Éric Dupond-Moretti Garde des Sceaux, ministre de la Justice au 21e siècle
69%
Teddy Riner Judoka champion(ne) olympique (par équipe ou individuel) en 2020 (21) à Tokyo
69%
Bruno Solo Actrice, Acteur dans la série TV Caméra Café (2001 à 2004)
67%
Sheryfa Luna Artiste avec un single n°1 en France au 21e siècle
67%
Rachida Dati Garde des Sceaux, ministre de la Justice au 21e siècle
67%
Christiane Taubira Garde des Sceaux, ministre de la Justice au 21e siècle
67%
Fabrice Éboué Humoriste avec au moins 3 participations au Jamel Comedy Club
67%
François Bayrou Garde des Sceaux, ministre de la Justice au 21e siècle
62%
Waly Dia Humoriste avec au moins 3 participations au Jamel Comedy Club
62%
Malik Bentalha Humoriste avec au moins 3 participations au Jamel Comedy Club
62%
Clarisse Agbégnénou Judoka champion(ne) olympique (par équipe ou individuel) en 2020 (21) à Tokyo
62%
Michel Houellebecq Ecrivain lauréat(e) du prix Goncourt au 21e siècle
57%
Michèle Alliot-Marie Garde des Sceaux, ministre de la Justice au 21e siècle
57%
Thomas N'Gijol Humoriste avec au moins 3 participations au Jamel Comedy Club
57%
Patrick Sébastien Artiste avec un single n°1 en France au 21e siècle
55%
Claudia Tagbo Humoriste avec au moins 3 participations au Jamel Comedy Club
55%
Yvan Le Bolloc'h Actrice, Acteur dans la série TV Caméra Café (2001 à 2004)
52%
Blanche Gardin Humoriste avec au moins 3 participations au Jamel Comedy Club
52%
Henri Désiré Landru Tueuse, Tueur en série exécuté(e) par décapitation
50%
Redouanne Harjane Humoriste avec au moins 3 participations au Jamel Comedy Club
48%
Armelle Lesniak Actrice, Acteur dans la série TV Caméra Café (2001 à 2004)
43%
Ilona Mitrecey Artiste avec un single n°1 en France au 21e siècle
43%
Faudel Belloua Artiste avec un single n°1 en France au 21e siècle
40%
Marylise Lebranchu Garde des Sceaux, ministre de la Justice au 21e siècle
38%
Tony Saint-Laurent Humoriste avec au moins 3 participations au Jamel Comedy Club
38%
Romane Dicko Judoka champion(ne) olympique (par équipe ou individuel) en 2020 (21) à Tokyo
38%
Nicole Belloubet Garde des Sceaux, ministre de la Justice au 21e siècle
36%
Amelle Chahbi Humoriste avec au moins 3 participations au Jamel Comedy Club
36%
Yacine Belhousse Humoriste avec au moins 3 participations au Jamel Comedy Club
36%
Hélène Girard Personnage de la série TV Les Mystères de l'amour
36%
Alain Bouzigues Actrice, Acteur dans la série TV Caméra Café (2001 à 2004)
33%
Marcel Petiot Tueuse, Tueur en série exécuté(e) par décapitation
33%
Jeanne Savary Actrice, Acteur dans la série TV Caméra Café (2001 à 2004)
31%
William Baldé Artiste avec un single n°1 en France au 21e siècle
31%
Sarah-Léonie Cysique Judoka champion(ne) olympique (par équipe ou individuel) en 2020 (21) à Tokyo
31%
Grégory Baugé Cycliste sur piste champion(ne) du monde de vitesse individuelle
29%
François Pervis Cycliste sur piste champion(ne) du monde de vitesse individuelle
29%
Dominique Perben Garde des Sceaux, ministre de la Justice au 21e siècle
29%
Noom Diawara Humoriste avec au moins 3 participations au Jamel Comedy Club
29%
Alexandre Pesle Actrice, Acteur dans la série TV Caméra Café (2001 à 2004)
26%
Tony Parker Artiste avec un single n°1 en France au 21e siècle
26%
Jean-Christophe Rufin Ecrivain lauréat(e) du prix Goncourt au 21e siècle
26%
Brigitte Giraud Ecrivain lauréat(e) du prix Goncourt au 21e siècle
26%
Shirley Bousquet Actrice, Acteur dans la série TV Caméra Café (2001 à 2004)
24%
Félicia Ballanger Cycliste sur piste champion(ne) du monde de vitesse individuelle
24%
Mathilde Gros Cycliste sur piste champion(ne) du monde de vitesse individuelle
24%
Madeleine Malonga Judoka champion(ne) olympique (par équipe ou individuel) en 2020 (21) à Tokyo
24%
Amandine Buchard Judoka champion(ne) olympique (par équipe ou individuel) en 2020 (21) à Tokyo
24%
Fanny Greyson Personnage de la série TV Les Mystères de l'amour
24%
José Da Silva Personnage de la série TV Les Mystères de l'amour
24%
Bénédicte Breton Personnage de la série TV Les Mystères de l'amour
24%
Jimmy Werner Personnage de la série TV Les Mystères de l'amour
24%
Valérie Decobert Actrice, Acteur dans la série TV Caméra Café (2001 à 2004)
21%
Arnaud Tournant Cycliste sur piste champion(ne) du monde de vitesse individuelle
21%
Florian Rousseau Cycliste sur piste champion(ne) du monde de vitesse individuelle
21%
Marie NDiaye Ecrivain lauréat(e) du prix Goncourt au 21e siècle
21%
Nicolas Vernier Personnage de la série TV Les Mystères de l'amour
21%
Christian Roquier Personnage de la série TV Les Mystères de l'amour
21%
Laly Polleï Personnage de la série TV Les Mystères de l'amour
21%
Leïla Slimani Ecrivain lauréat(e) du prix Goncourt au 21e siècle
19%
Lydie Salvayre Ecrivain lauréat(e) du prix Goncourt au 21e siècle
19%
Mohamed Mbougar Sarr Ecrivain lauréat(e) du prix Goncourt au 21e siècle
19%
Ingrid Soustal Personnage de la série TV Les Mystères de l'amour
19%
Stéphanie Dorville Personnage de la série TV Les Mystères de l'amour
19%
Joseph Vacher Tueuse, Tueur en série exécuté(e) par décapitation
19%
Jean Dauga Tueuse, Tueur en série exécuté(e) par décapitation
19%
Sylvie Loeillet Actrice, Acteur dans la série TV Caméra Café (2001 à 2004)
17%
Philippe Cura Actrice, Acteur dans la série TV Caméra Café (2001 à 2004)
17%
JuLien Mari Artiste avec un single n°1 en France au 21e siècle
17%
Jean-Paul Dubois Ecrivain lauréat(e) du prix Goncourt au 21e siècle
17%
Hervé Le Tellier Ecrivain lauréat(e) du prix Goncourt au 21e siècle
17%
Kilian Le Blouch Judoka champion(ne) olympique (par équipe ou individuel) en 2020 (21) à Tokyo
17%
Jeanne Garnier Personnage de la série TV Les Mystères de l'amour
17%
Théophile Leclerc Tueuse, Tueur en série exécuté(e) par décapitation
17%
Gérard Chaillou Actrice, Acteur dans la série TV Caméra Café (2001 à 2004)
14%
Laurent Gané Cycliste sur piste champion(ne) du monde de vitesse individuelle
14%
Margaux Pinot Judoka champion(ne) olympique (par équipe ou individuel) en 2020 (21) à Tokyo
14%
Sébastien Cauet Artiste avec un single n°1 en France au 21e siècle
12%
Cyril Kamar Artiste avec un single n°1 en France au 21e siècle
12%
Daniel Morelon Cycliste sur piste champion(ne) du monde de vitesse individuelle
12%
Jean-Baptiste Andrea Ecrivain lauréat(e) du prix Goncourt au 21e siècle
12%
Pascal Clément Garde des Sceaux, ministre de la Justice au 21e siècle
12%
Jean-Jacques Urvoas Garde des Sceaux, ministre de la Justice au 21e siècle
12%
Axel Clerget Judoka champion(ne) olympique (par équipe ou individuel) en 2020 (21) à Tokyo
12%
Georges-Alexandre Sarrejani Tueuse, Tueur en série exécuté(e) par décapitation
12%
Éric Vuillard Ecrivain lauréat(e) du prix Goncourt au 21e siècle
10%
Guillaume Chaine Judoka champion(ne) olympique (par équipe ou individuel) en 2020 (21) à Tokyo
10%
Victor Prévost Tueuse, Tueur en série exécuté(e) par décapitation
10%
Martin Dumollard Tueuse, Tueur en série exécuté(e) par décapitation
10%
Marie-Madeleine Dreux d'Aubray Tueuse, Tueur en série exécuté(e) par décapitation
10%
Michel Mercier Garde des Sceaux, ministre de la Justice au 21e siècle
7%
Michel Rousseau Cycliste sur piste champion(ne) du monde de vitesse individuelle
5%
Alexandre Iddir Judoka champion(ne) olympique (par équipe ou individuel) en 2020 (21) à Tokyo
5%
Simon Cussonaix L'intrus
5%
Saïb Hachani Tueuse, Tueur en série exécuté(e) par décapitation
5%
Hélène Jégado Tueuse, Tueur en série exécuté(e) par décapitation
5%
Isabelle Nicoloso Cycliste sur piste champion(ne) du monde de vitesse individuelle
2%
Lucien Michard Cycliste sur piste champion(ne) du monde de vitesse individuelle
2%
Aucun quiz correspondant
Distribution des résultats
% des personnes avec chaque résultat
Percentile par nombre de réponses
Votre historique - résultats
Vous n’avez pas pris ce quiz